00260 a2200121 4500001000700000020000600007040001100013100003600024240003300060245002800093300000800121362000900129183048 a  cMagnum aDângelo, Ana Lúcia Vellinho10aHistórias de trabalholpor10aHistórias de trabalho a1700 a1995